| Tag |
First Indicator |
Second Indicator |
Subfields |
| LEADER |
00000cam a22000004a 4500 |
| 001 |
in00002016358 |
| 005 |
20151031144411.0 |
| 008 |
030326s2004 ne b 001 0 eng |
| 010 |
|
|
|a 2003048108
|
| 019 |
|
|
|a 56395426
|
| 020 |
|
|
|a 9004131981
|
| 035 |
|
|
|a (OCoLC)ocm51944499
|
| 040 |
|
|
|a DLC
|c DLC
|d TXA
|d UtOrBLW
|
| 042 |
|
|
|a pcc
|
| 043 |
|
|
|a a-cy---
|
| 049 |
|
|
|a TXAM
|
| 050 |
0 |
0 |
|a PJ6901.C9
|b B67 2004
|
| 082 |
0 |
0 |
|a 492.7/7095693
|2 21
|
| 100 |
1 |
|
|a Borg, Alexander.
|
| 245 |
1 |
2 |
|a A comparative glossary of Cypriot Maronite Arabic (Arabic-English) :
|b with an introductory essay /
|c by Alexander Borg.
|
| 264 |
|
1 |
|a Leiden ;
|a Boston, Mass. :
|b Brill,
|c 2004.
|
| 300 |
|
|
|a xxviii, 486 pages ;
|c 25 cm.
|
| 336 |
|
|
|a text
|b txt
|2 rdacontent
|
| 337 |
|
|
|a unmediated
|b n
|2 rdamedia
|
| 338 |
|
|
|a volume
|b nc
|2 rdacarrier
|
| 490 |
1 |
|
|a Handbook of Oriental studies. Section 1, Near and Middle East ;
|v v. 70 =
|a Handbuch der Orientalistik
|
| 504 |
|
|
|a Includes bibliographical references (pages [89]-132) and index.
|
| 650 |
|
0 |
|a Arabic language
|x Dialects
|z Cyprus
|z Kormakiti
|v Glossaries, vocabularies, etc.
|
| 650 |
|
0 |
|a Arabic language
|x Dialects
|x English
|v Glossaries, vocabularies, etc.
|
| 650 |
|
0 |
|a Maronites
|z Cyprus
|x Language.
|
| 830 |
|
0 |
|a Handbuch der Orientalistik.
|n Erste Abteilung,
|p Nahe und der Mittlere Osten ;
|v 70 Bd.
|
| 948 |
|
|
|a cataloged
|b h
|c 2004/11/30
|d c
|e mphillip
|f 1:49:46 pm
|
| 994 |
|
|
|a E0
|b TXA
|
| 999 |
|
|
|a MARS
|
| 999 |
f |
f |
|s 5d0d5ec9-ed62-3c8a-9654-aff6eecf31e3
|i 801a0179-bc77-34b7-9d0b-32206d35fc29
|t 0
|
| 952 |
f |
f |
|p ric
|a Texas A&M University
|b Rellis Campus
|c Joint Library Facility
|d Remote Storage
|t 0
|e PJ6901.C9 B67 2004
|h Library of Congress classification
|i unmediated -- volume
|m A14831608870
|
| 998 |
f |
f |
|a PJ6901.C9 B67 2004
|t 0
|l Remote Storage
|